Statistics for Asian countries that contain the letter H

Click here to take the quiz!

General Stats

  • This quiz has been taken 69 times
    (46 since last reset)
  • The average score is 8 of 10

Answer Stats

Answer% Correct
Afghanistan
90%
China
90%
North Korea
90%
South Korea
90%
Bangladesh
85%
Thailand
85%
Bhutan
82%
Kazakhstan
82%
Philippines
79%
Bahrain
64%

Score Distribution

Percentile by Number Answered

Percent of People with Each Score

Your Score History

You have not taken this quiz since the last reset